Rafe's movies - Statistics

General Stats
  • This quiz has been taken 6 times
  • The average score is 7 of 15
Answer Stats
Hint Answer % Correct
What is the highest-grossing movie of all time when not taking inflation into account? Avatar
83%
Joaquin Phoenix received his first Oscar nomination for playing Roman emperor Commodus in what 2000 Oscar-winning epic? Gladiator
83%
Which Australian actor is known for playing Thor? Chris Hemsworth
67%
In The Matrix, does Neo take the blue pill or the red pill? Red pill
67%
What was the first feature-length animated movie ever released? Snow White
67%
Adventurer Rick O’Connell and Egyptologist Evelyn are the two main characters in which movie? the mummy
50%
Who played the Green Goblin in 2002 box-office smash Spider-Man? Willem Dafoe
50%
For which 1964 musical blockbuster did Julie Andrews win the Academy Award for Best Actress? Mary Poppins
33%
What was the first pandemic era movie to gross over $1 billion at the box office? Spider-man no way home
33%
What animated classic was the first film of the late-twentieth-century "Disney Renaissance?" The little mermaid
33%
How many suns does Luke's home planet of Tatooine have in Star Wars? Two
33%
What is the highest-grossing R-rated movie of all time? Joker
17%
Who played the "Unsinkable" Molly Brown in Titanic? Kathy Bates
17%
Who played park owner John Hammond in Jurassic Park? Richard Attenborough
17%
What is the first fantasy movie to win Best Picture at the Oscars? The Lord of the Rings: The Return of the King
17%
No matching quizzes found
Score Distribution
Percent of People with Each Score
Percentile by Number Answered
Your Score History
You have not taken this quiz